Rethinking Luther`s Theology in the Contexts of the Third World. (Record no. 6413)

MARC details
000 -LEADER
fixed length control field 00642nam a2200241 a 4500
020 ## - INTERNATIONAL STANDARD BOOK NUMBER
ISBN 3906706
082 00 - DEWEY DECIMAL CLASSIFICATION NUMBER
Classification number 230.41
Author Cutter KIR
100 ## - MAIN ENTRY--AUTHOR NAME
Author name Kirst, Nelson
245 ## - TITLE STATEMENT
Title Rethinking Luther`s Theology in the Contexts of the Third World.
260 ## - PUBLICATION, DISTRIBUTION, ETC. (IMPRINT)
Place of publication Geneva
Name of publisher Lutheran World Federation
Year of publication 1988
300 ## - PHYSICAL DESCRIPTION
Number of Pages 158p
500 ## - GENERAL NOTE
General note includes index and biblioraphy
505 2# - FORMATTED CONTENTS NOTE
Formatted contents note List of participant
650 ## - SUBJECT ADDED ENTRY--TOPICAL TERM
Topical Term Theology-Luther
942 ## - ADDED ENTRY ELEMENTS (KOHA)
Koha item type Books
700 1# -
-- Kirst, Nelson
Holdings
Collection code Home library Current library Date acquired Cost, normal purchase price Full call number Accession Number Koha item type
  Henry Martyn Institute Library Henry Martyn Institute Library 06/14/2007 100.00 230.41 KIR 013807 Books
                   Copyright © 2026 | Henry Martyn Institute | Hyderabad | TS-500052 | INDIA | Implemented by hmi.edu.in
Hit-Count:

Powered by Koha